[Event "XXIII Festival A"]
[Site "Porto San Giorgio ITA"]
[Date "2011.08.22"]
[Round "2"]
[White "Zinnai, Graziano Matteo"]
[Black "Scipioni, Gaetano"]
[Result "0-1"]
[WhiteElo "1882"]
[BlackElo "2063"]
[PlyCount "100"]
[EventDate "2011.08.21"]

1. e4 d5 2. exd5 Qxd5 3. Nf3 Nf6 4. d4 c6 5. c4 Qd6 6. Nc3 Bg4 7. Be2 e6 8. Ne5
Bxe2 9. Nxe2 Nbd7 10. Nxd7 Qxd7 11. O-O Bd6 12. Bf4 O-O 13. Bxd6 Qxd6 14. Qc2
Rfd8 15. Rad1 Rd7 16. Rd2 Rad8 17. Rfd1 g6 18. g3 c5 19. a3 a5 20. Qa4 Qc7 21.
Qb5 b6 22. b4 Ne4 23. Rd3 Nd6 24. Qa4 Nxc4 25. Qb3 cxb4 26. axb4 a4 27. Qc2 b5
28. Nc3 Nd6 29. Qe2 Qc4 30. d5 Nf5 31. Qe5 Ng7 32. Ne4 Ne8 33. Rd4 Rxd5 34.
Rxc4 Rxd1+ 35. Kg2 bxc4 36. Qc3 R8d4 37. Nc5 Nf6 38. Qf3 Nd5 39. Nxa4 Nxb4 40.
Nb6 Nd5 41. Nxc4 R1d3 42. Ne3 Nxe3+ 43. fxe3 Rd5 44. g4 Re5 45. Qa8+ Kg7 46. e4
Re3 47. Qd8 R3xe4 48. h3 h6 49. Kf3 Re3+ 50. Kg2 Rd5 0-1

[Event "XXIII Festival A"]
[Site "Porto San Giorgio ITA"]
[Date "2011.08.23"]
[Round "3"]
[White "Albertini, Luca"]
[Black "Vuelban, Virgilio"]
[Result "1-0"]
[WhiteElo "1986"]
[BlackElo "2357"]
[PlyCount "163"]
[EventDate "2011.08.21"]

1. e4 c5 2. Nc3 Nc6 3. Nge2 e6 4. g3 Nf6 5. Bg2 d6 6. O-O a6 7. d3 Be7 8. h3
O-O 9. Be3 Qc7 10. f4 b5 11. g4 Bb7 12. Qe1 d5 13. g5 d4 14. gxf6 Bxf6 15. e5
Be7 16. Ne4 dxe3 17. N2g3 Nd4 18. Rc1 e2 19. Nxe2 Nf5 20. Qf2 Rac8 21. N4g3
Bxg2 22. Kxg2 Nh4+ 23. Kh2 f6 24. exf6 Rxf6 25. Rce1 Rcf8 26. Ne4 R6f7 27. Qg1
Ng6 28. N4g3 Bh4 29. Qe3 Qc6 30. Rf2 Bg5 31. Ref1 Bh6 32. Ne4 Rf5 33. N4g3 R5f7
34. Ne4 Rc8 35. Ng5 Re7 36. Qg3 Rf8 37. Qe3 Nh4 38. Qe4 Qxe4 39. Nxe4 Rc8 40.
N2g3 g6 41. Nf6+ Kh8 42. Ng4 Bg7 43. Ne5 Kg8 44. Re2 Nf5 45. c3 Rd8 46. Nc6
Nxg3 47. Nxe7+ Kf7 48. Kxg3 Kxe7 49. Rf3 Kd6 50. Rfe3 Re8 51. Kg4 Bf6 52. Kf3
Kd5 53. Re4 Bd8 54. Re5+ Kd6 55. f5 gxf5 56. Rxf5 Re7 57. Rfe5 Rf7+ 58. Kg2 Rf6
59. R5e4 h5 60. d4 Bb6 61. dxc5+ Bxc5 62. Rd2+ Ke7 63. Re5 Rg6+ 64. Kf3 Bd6 65.
Rxh5 e5 66. Rh7+ Ke6 67. Ra7 Kf5 68. Rf7+ Kg5 69. Ra7 Kf5 70. Rd5 Rf6 71. Ke3
Rh6 72. h4 Bb8 73. Rb7 Rh8 74. Rdd7 Ke6 75. Rh7 Rg8 76. Rbg7 Rc8 77. b3 Kd5 78.
Rd7+ Kc6 79. Ke4 Rf8 80. Rdf7 Rg8 81. Rhg7 Rh8 82. Rg4 1-0

[Event "XXIII Festival A"]
[Site "Porto San Giorgio ITA"]
[Date "2011.08.23"]
[Round "3"]
[White "Antonelli, Alessandro"]
[Black "Bardone, Lorenzo"]
[Result "1/2-1/2"]
[WhiteElo "1971"]
[BlackElo "1775"]
[PlyCount "53"]
[EventDate "2011.08.21"]

1. d4 d5 2. c4 c6 3. Nf3 Nf6 4. Nc3 a6 5. e3 b5 6. cxd5 cxd5 7. Bd3 Bb7 8. O-O
e6 9. Re1 Nbd7 10. a3 Ne4 11. Bd2 Bd6 12. Rc1 O-O 13. Na2 Nb6 14. Bb4 Nc4 15.
Qb3 a5 16. Bxd6 Qxd6 17. Nc3 a4 18. Qc2 Nxc3 19. Qxc3 Rac8 20. Qc2 Nxa3 21.
Bxh7+ Kh8 22. Qd3 Nc4 23. Qb1 e5 24. dxe5 Nxe5 25. Nxe5 Qxe5 26. Bd3 b4 27. Qa2
1/2-1/2

[Event "XXIII Festival A"]
[Site "Porto San Giorgio ITA"]
[Date "2011.08.23"]
[Round "3"]
[White "Arnetta, Maria Teresa"]
[Black "Dieli, Riccardo"]
[Result "1-0"]
[WhiteElo "2069"]
[BlackElo "1897"]
[PlyCount "51"]
[EventDate "2011.08.21"]

1. e4 c5 2. c3 Nc6 3. d4 cxd4 4. cxd4 e6 5. Nc3 a6 6. Nf3 Bb4 7. Bd3 Nge7 8.
O-O d5 9. exd5 Nxd5 10. Ne4 Be7 11. a3 Nf6 12. Re1 O-O 13. Qc2 h6 14. Bd2 Qb6
15. Bc3 Rd8 16. Rad1 Bd7 17. Qe2 Nd5 18. Bb1 Rac8 19. Qc2 f5 20. Nc5 Bxc5 21.
dxc5 Qxc5 22. Ba2 Re8 23. Rd3 b5 24. Qd2 Nxc3 25. bxc3 Nb8 26. Rxd7 1-0

[Event "XXIII Festival A"]
[Site "Porto San Giorgio ITA"]
[Date "2011.08.23"]
[Round "3"]
[White "Banusz, Tamas"]
[Black "Boscolo, Federico"]
[Result "1-0"]
[WhiteElo "2554"]
[BlackElo "2210"]
[PlyCount "135"]
[EventDate "2011.08.21"]

1. d4 Nf6 2. c4 g6 3. g3 Bg7 4. Bg2 O-O 5. Nc3 d6 6. Nf3 Nc6 7. O-O Bf5 8. d5
Na5 9. Nd4 Bd7 10. b3 c5 11. dxc6 Nxc6 12. Nc2 Qa5 13. Bd2 Qh5 14. e4 Qxd1 15.
Rfxd1 a6 16. a4 Rab8 17. h3 Ne8 18. Rab1 Nc7 19. Be1 Ne6 20. Nd5 b5 21. cxb5
axb5 22. a5 Rfe8 23. b4 Ne5 24. Nb6 Rxb6 25. axb6 Nc4 26. f4 Nxb6 27. Ne3 Nd4
28. Kf1 Nc4 29. Bf2 Be6 30. Nd5 Bxd5 31. Bxd4 Na3 32. exd5 Bxd4 33. Rb3 Nc2 34.
Rd2 Rc8 35. Be4 Na1 36. Rb1 Bf6 37. Bd3 Kg7 38. Ke2 Ra8 39. Bxb5 Ra3 40. Kf1
Ra8 41. Bc6 Ra3 42. Kg2 Nb3 43. Rf2 Bd4 44. Re2 Bb6 45. Rbb2 Nd4 46. Ra2 Rc3
47. Rxe7 Nf5 48. Rb7 Ne3+ 49. Kh1 Bd4 50. Re2 Nf5 51. Kh2 Rxg3 52. Bd7 Bg1+ 53.
Kh1 Nh4 54. Be6 Bd4 55. Rxf7+ Kh6 56. Re1 Rb3 57. Bg4 Rxb4 58. Rf1 Rb2 59. Re7
Rb5 60. Re6 Bc5 61. f5 Rb8 62. f6 Rf8 63. Rc1 Kg5 64. Rxc5 dxc5 65. d6 c4 66.
d7 c3 67. Bd1 Rd8 68. f7 1-0

[Event "XXIII Festival A"]
[Site "Porto San Giorgio ITA"]
[Date "2011.08.23"]
[Round "3"]
[White "Bellincampi, Stefano"]
[Black "Martinez, Rolly"]
[Result "0-1"]
[WhiteElo "2067"]
[BlackElo "2419"]
[PlyCount "116"]
[EventDate "2011.08.21"]

1. e4 c5 2. c3 Nf6 3. e5 Nd5 4. Nf3 Nc6 5. d4 cxd4 6. cxd4 d6 7. Bc4 e6 8. O-O
Be7 9. Qe2 O-O 10. Rd1 Na5 11. b3 a6 12. Ba3 Re8 13. Bxd5 exd5 14. Nc3 Be6 15.
Rac1 Nc6 16. Qd2 h6 17. h3 dxe5 18. Bxe7 Qxe7 19. Nxe5 Rac8 20. Nxc6 Rxc6 21.
Na4 Rd6 22. Re1 b6 23. Nb2 Qh4 24. Rc3 Red8 25. Qe3 Bf5 26. Rec1 Re6 27. Qf3
Be4 28. Qg3 Qf6 29. Rd1 Rde8 30. Rd2 Qf5 31. Qg4 Qf6 32. Qg3 Qe7 33. Qf4 Rg6
34. Rg3 Rxg3 35. Qxg3 Qb4 36. Qe3 Re6 37. Nd3 Qc3 38. Nf4 Qc1+ 39. Kh2 Bxg2 40.
Nxe6 Qh1+ 41. Kg3 Qxh3+ 42. Kf4 Qh4+ 43. Ke5 Qf6+ 44. Kd6 Be4 45. Qf4 Qxe6+ 46.
Kc7 b5 47. Re2 Qh3 48. Re3 Qf1 49. Rg3 Bg6 50. Kd6 b4 51. Qe3 h5 52. Kxd5 Qb5+
53. Kd6 h4 54. Rh3 Bf5 55. Rf3 h3 56. Qf4 h2 57. Qh4 Qb6+ 58. Ke5 Qe6+ 0-1

[Event "XXIII Festival A"]
[Site "Porto San Giorgio ITA"]
[Date "2011.08.23"]
[Round "3"]
[White "Bighiu, Gheorghe"]
[Black "Cipollaro, Giovanni"]
[Result "1/2-1/2"]
[WhiteElo "2062"]
[BlackElo "1866"]
[PlyCount "62"]
[EventDate "2011.08.21"]

1. e4 d6 2. d4 Nf6 3. Nc3 e5 4. dxe5 dxe5 5. Qxd8+ Kxd8 6. Bc4 Be6 7. Bxe6 fxe6
8. Be3 Nbd7 9. O-O-O Bd6 10. f3 Ke7 11. Nh3 h6 12. Nf2 Rhf8 13. Nd3 Nh5 14.
Rhe1 a6 15. Na4 b6 16. g4 Nhf6 17. g5 hxg5 18. Bxg5 Rh8 19. f4 Rxh2 20. fxe5
Nxe5 21. Nc3 Nf3 22. e5 Nxg5 23. exd6+ cxd6 24. Nf4 Kd7 25. Rg1 Nfh7 26. Nd3
Rf8 27. Ne5+ Kc7 28. Nd3 Rf7 29. Rg4 Nf3 30. Rc4+ Kb7 31. Ne4 Rd7 1/2-1/2

[Event "XXIII Festival A"]
[Site "Porto San Giorgio ITA"]
[Date "2011.08.23"]
[Round "3"]
[White "Bisi, Samuele"]
[Black "Rinaudo, Sergio"]
[Result "1/2-1/2"]
[WhiteElo "1977"]
[BlackElo "2144"]
[PlyCount "71"]
[EventDate "2011.08.21"]

1. d4 d5 2. Nf3 Nf6 3. c4 dxc4 4. Nc3 c6 5. e4 b5 6. e5 Nd5 7. a4 b4 8. Ne4 e6
9. Bxc4 Ba6 10. Bg5 Qa5 11. Qd3 h6 12. Bd2 Be7 13. O-O Bxc4 14. Qxc4 O-O 15.
Qc1 Kh7 16. h3 Qa6 17. Qc2 Kg8 18. Nh2 Nd7 19. Ng4 h5 20. Nh2 Rfc8 21. Bg5 Bf8
22. Be3 c5 23. Ng5 g6 24. Qe4 cxd4 25. Bxd4 Be7 26. Ngf3 Bc5 27. Rfd1 Bxd4 28.
Nxd4 Nc5 29. Qf3 Qb7 30. Qg3 a6 31. Rac1 Nxa4 32. Nxe6 Rxc1 33. Rxc1 Rc8 34.
Rd1 Nxb2 35. Rb1 Nc4 36. Nf4 1/2-1/2

[Event "XXIII Festival A"]
[Site "Porto San Giorgio ITA"]
[Date "2011.08.23"]
[Round "3"]
[White "Bolog, Iacint"]
[Black "Somma, Andrea"]
[Result "1-0"]
[WhiteElo "1959"]
[BlackElo "1851"]
[PlyCount "65"]
[EventDate "2011.08.21"]

1. e4 d5 2. e5 c6 3. d4 Bf5 4. Be3 e6 5. c3 Qb6 6. Qd2 h6 7. Nf3 Nd7 8. Be2 Bh7
9. O-O Ne7 10. a4 a5 11. g4 Ng6 12. h4 Be7 13. g5 h5 14. Na3 Ngf8 15. Kg2 Be4
16. Kg3 Bxf3 17. Bxf3 f5 18. Qe2 g6 19. Qc2 c5 20. Rg1 Rc8 21. Nb5 c4 22. Be2
Nb8 23. b3 Qd8 24. bxc4 dxc4 25. Qa2 Qd5 26. Bf3 Qd7 27. Na7 Rc7 28. Qb2 Nc6
29. Nxc6 bxc6 30. Qb6 Kf7 31. Qxa5 Nh7 32. Qa6 Rg8 33. a5 1-0

[Event "XXIII Festival A"]
[Site "Porto San Giorgio ITA"]
[Date "2011.08.23"]
[Round "3"]
[White "Bruno, Fabio"]
[Black "Borgiani, Flavio"]
[Result "1-0"]
[WhiteElo "2466"]
[BlackElo "2156"]
[PlyCount "58"]
[EventDate "2011.08.21"]

1. d4 e6 2. Nf3 c5 3. e3 Nf6 4. Bd3 d5 5. c3 Nc6 6. Nbd2 a6 7. O-O Bd6 8. Qe2
Bd7 9. a3 Qc7 10. dxc5 Bxc5 11. b4 Ba7 12. Bb2 e5 13. e4 dxe4 14. Nxe4 Nxe4 15.
Bxe4 f6 16. c4 Ne7 17. Rad1 Be6 18. c5 O-O 19. Rd6 Qc8 20. Bxb7 Qxb7 21. Rxe6
Ng6 22. Rd6 Qb5 23. Qe4 Nf4 24. Rfd1 Kh8 25. g3 Ng6 26. h4 Rfe8 27. h5 Nf8 28.
h6 Ng6 29. Nh4 Ne7 1-0

[Event "XXIII Festival A"]
[Site "Porto San Giorgio ITA"]
[Date "2011.08.23"]
[Round "3"]
[White "Cafaro, Luca"]
[Black "Marigo, Narciso"]
[Result "1/2-1/2"]
[WhiteElo "1774"]
[BlackElo "1989"]
[PlyCount "99"]
[EventDate "2011.08.21"]

1. e4 d6 2. d4 Bd7 3. Nc3 Nc6 4. d5 Nb8 5. Be3 e5 6. Bc4 Nf6 7. f3 Be7 8. Qd2
a5 9. a4 O-O 10. Nge2 Kh8 11. O-O Ng8 12. f4 Nf6 13. fxe5 dxe5 14. Kh1 Ng4 15.
Ng3 Nxe3 16. Qxe3 Bg5 17. Qe2 Bf4 18. Qf3 Qh4 19. Be2 b6 20. Kg1 f6 21. Rfd1 h5
22. Nf1 Bh6 23. Qg3 Qxg3 24. Nxg3 Na6 25. Nb5 Be3+ 26. Kf1 f5 27. Bf3 f4 28.
Nh1 Bxb5+ 29. axb5 Nc5 30. Nf2 Bxf2 31. Kxf2 Rad8 32. c3 g6 33. Ke2 Kg7 34. b4
axb4 35. cxb4 Nb3 36. Ra7 Nd4+ 37. Rxd4 exd4 38. Rxc7+ Kh6 39. Kd3 Ra8 40. Kxd4
Ra2 41. Ke5 Rb2 42. Rc4 Kg5 43. Kd6 Kh4 44. Kc7 g5 45. g3+ fxg3 46. hxg3+ Kxg3
47. Bd1 Rd2 48. Rc3+ Kh4 49. Bb3 g4 50. Rc6 1/2-1/2

[Event "XXIII Festival A"]
[Site "Porto San Giorgio ITA"]
[Date "2011.08.23"]
[Round "3"]
[White "Calabrese, Maurizio"]
[Black "Benaglia, Giovanni"]
[Result "0-1"]
[WhiteElo "1567"]
[BlackElo "1978"]
[PlyCount "66"]
[EventDate "2011.08.21"]

1. c4 b6 2. e3 Bb7 3. Nc3 e6 4. b3 g6 5. d4 Bg7 6. Nf3 d6 7. Bd3 Ne7 8. Bb2 Nd7
9. Rc1 O-O 10. O-O h6 11. h3 f5 12. Nd2 e5 13. Ne2 Kh8 14. Bb1 Ng8 15. Qc2 Ngf6
16. d5 a5 17. f4 Qe7 18. g4 fxg4 19. Qxg6 Rg8 20. fxe5 gxh3 21. exf6 Bxf6 22.
Bxf6+ Nxf6 23. Nf4 Qxe3+ 24. Kh1 Rxg6 25. Nxg6+ Kg7 26. Rce1 Qxd2 27. Re7+ Kg8
28. Rg1 h2 29. Rge1 Nxd5 30. Re8+ Rxe8 31. Rxe8+ Kf7 32. Rf8+ Kg7 33. Be4 Qe1+
0-1

[Event "XXIII Festival A"]
[Site "Porto San Giorgio ITA"]
[Date "2011.08.23"]
[Round "3"]
[White "Calavalle, Giulio"]
[Black "Marsili, Riccardo"]
[Result "1-0"]
[WhiteElo "2239"]
[BlackElo "1962"]
[PlyCount "83"]
[EventDate "2011.08.21"]

1. e4 c5 2. Nc3 Nc6 3. f4 g6 4. Bc4 Bg7 5. Nf3 d6 6. d3 e6 7. Be3 Nge7 8. Bb3
O-O 9. O-O b6 10. Bf2 d5 11. e5 f6 12. Re1 a6 13. exf6 Rxf6 14. Ne2 Rf8 15. c3
e5 16. fxe5 Nxe5 17. Nxe5 Bxe5 18. d4 Bxh2+ 19. Kxh2 Rxf2 20. dxc5 bxc5 21. Kg1
Rf8 22. Qd2 Qd6 23. c4 d4 24. Nxd4 Nc6 25. Nf3 Qxd2 26. Nxd2 Bf5 27. Ba4 Nd4
28. Re5 Rad8 29. Rae1 Rf7 30. Nf1 Bd3 31. Nd2 Bf5 32. Bd1 Rfd7 33. Ne4 Bxe4 34.
R1xe4 Nc6 35. Rd5 Rxd5 36. cxd5 Nd4 37. b4 Nf5 38. Rc4 Ne3 39. Rxc5 Rb8 40. Bb3
Rxb4 41. d6+ Kg7 42. Rc6 1-0

[Event "XXIII Festival A"]
[Site "Porto San Giorgio ITA"]
[Date "2011.08.23"]
[Round "3"]
[White "Carnicelli, Flavio"]
[Black "Maksimovic, Miodrag"]
[Result "1-0"]
[WhiteElo "1904"]
[BlackElo "2068"]
[PlyCount "71"]
[EventDate "2011.08.21"]

1. e4 Nf6 2. e5 Nd5 3. d4 d6 4. c4 Nb6 5. exd6 cxd6 6. Nc3 Bf5 7. Nf3 e6 8. Be3
Be7 9. Be2 O-O 10. Rc1 Bf6 11. O-O Nc6 12. Qd2 d5 13. c5 Nc4 14. Bxc4 dxc4 15.
Nb5 Bd3 16. Rfd1 a6 17. Nd6 b5 18. b3 e5 19. bxc4 e4 20. Ne1 bxc4 21. Nxc4 Bxc4
22. Rxc4 Qd5 23. Rcc1 Rfd8 24. Nc2 Qxa2 25. d5 Rab8 26. Bg5 e3 27. Bxe3 Rb2 28.
Qd3 Qa4 29. Qa3 Qg4 30. f3 Qf5 31. Qd3 Qc8 32. Bf4 Na5 33. Be3 Nb3 34. c6 Nxc1
35. Rxc1 Be5 36. Na3 1-0

[Event "XXIII Festival A"]
[Site "Porto San Giorgio ITA"]
[Date "2011.08.23"]
[Round "3"]
[White "Chiarion, Elisa"]
[Black "Malloni, Marcello"]
[Result "0-1"]
[WhiteElo "1964"]
[BlackElo "2293"]
[PlyCount "34"]
[EventDate "2011.08.21"]

1. e4 e5 2. Nf3 Nc6 3. Bc4 Nf6 4. d3 Bc5 5. c3 a6 6. O-O Ba7 7. Bb3 O-O 8. Re1
d6 9. Nbd2 Ng4 10. Re2 Kh8 11. Nf1 f5 12. Ng5 fxe4 13. d4 exd4 14. Rxe4 dxc3
15. Rxg4 Bxg4 16. Qxg4 Qf6 17. Ne4 cxb2 0-1

[Event "XXIII Festival A"]
[Site "Porto San Giorgio ITA"]
[Date "2011.08.23"]
[Round "3"]
[White "Ciampi, Vincenzo"]
[Black "Ghidinelli, Giorgio"]
[Result "1-0"]
[WhiteElo "2101"]
[BlackElo "1913"]
[PlyCount "47"]
[EventDate "2011.08.21"]

1. d4 Nf6 2. c4 e6 3. Nf3 b6 4. a3 Bb7 5. Nc3 d5 6. Qa4+ Bc6 7. Qc2 Bb7 8. Bg5
Be7 9. cxd5 Nxd5 10. Bxe7 Qxe7 11. Nxd5 exd5 12. Rc1 c6 13. e3 Nd7 14. Bd3 Rc8
15. O-O Nf6 16. Qa4 Qc7 17. Ne5 O-O 18. Bf5 Ra8 19. Nxc6 g6 20. Ne5 Qd6 21. Bd3
Rfc8 22. Rxc8+ Bxc8 23. Rc1 Bd7 24. Nxd7 1-0

[Event "XXIII Festival A"]
[Site "Porto San Giorgio ITA"]
[Date "2011.08.23"]
[Round "3"]
[White "Consalvo, Gerardo"]
[Black "Esposito, Luca"]
[Result "1-0"]
[WhiteElo "2012"]
[BlackElo "2235"]
[PlyCount "111"]
[EventDate "2011.08.21"]

1. e4 c5 2. Nf3 e6 3. Qe2 Nf6 4. g3 d5 5. exd5 Nxd5 6. Nc3 Nc6 7. Bg2 Be7 8.
O-O O-O 9. Rd1 Ndb4 10. d4 Nxd4 11. Nxd4 cxd4 12. Nb5 Nc6 13. c3 e5 14. cxd4
exd4 15. Bxc6 bxc6 16. Nxd4 Bf6 17. Be3 Qb6 18. Rac1 Ba6 19. Qc2 Rfc8 20. Nb3
c5 21. Rd5 Bd4 22. Bxd4 cxd4 23. Rc5 Rd8 24. Rc6 Qb5 25. a4 Qe2 26. Nc5 d3 27.
Qxe2 dxe2 28. Nxa6 Rd1+ 29. Kg2 Rad8 30. Rc8 e1=N+ 31. Kf1 Nf3+ 32. Rxd1 Rxc8
33. Kg2 Ng5 34. Rd7 Ra8 35. b4 Ne6 36. Nc7 Nxc7 37. Rxc7 a6 38. Kf3 Kf8 39. Ke4
Rb8 40. Rc4 Ke7 41. h4 Kd6 42. h5 Re8+ 43. Kd3 Re1 44. Rd4+ Kc6 45. Rf4 Re7 46.
Kc4 Kb6 47. h6 gxh6 48. Rf6+ Kb7 49. Rxh6 Re4+ 50. Kb3 Re2 51. Rf6 Re7 52. Kc4
Rc7+ 53. Kd5 Rd7+ 54. Ke5 Rc7 55. Rf4 Kb6 56. Kf6 1-0

[Event "XXIII Festival A"]
[Site "Porto San Giorgio ITA"]
[Date "2011.08.23"]
[Round "3"]
[White "Conti, Ferdinando"]
[Black "Paniga, Danilo"]
[Result "0-1"]
[WhiteElo "1800"]
[BlackElo "1858"]
[PlyCount "78"]
[EventDate "2011.08.21"]

1. Nf3 f5 2. b4 Nf6 3. Bb2 g6 4. e3 Bg7 5. c4 O-O 6. a4 d6 7. Qb3 e5 8. Be2 Nc6
9. O-O h6 10. d4 e4 11. Nfd2 Ne7 12. Nc3 c6 13. f3 d5 14. cxd5 cxd5 15. fxe4
fxe4 16. Ncxe4 Nxe4 17. Nxe4 Nf5 18. Nc3 Nxe3 19. Rxf8+ Kxf8 20. Nb5 Nf5 21.
Rf1 Kg8 22. g4 Ne7 23. Qf3 Be6 24. Qg3 Rc8 25. Qd3 a6 26. Na3 Qd7 27. Qd1 g5
28. h3 Qd6 29. Qe1 Ng6 30. Bf3 Nf4 31. Bg2 Bd7 32. a5 Nd3 33. Qd2 Qxb4 34. Qxd3
Qxb2 35. Bxd5+ Kh8 36. Rb1 Bxd4+ 37. Kh1 Rc1+ 38. Rxc1 Qxc1+ 39. Kg2 Qg1+ 0-1

[Event "XXIII Festival A"]
[Site "Porto San Giorgio ITA"]
[Date "2011.08.23"]
[Round "3"]
[White "Cornaggia, Ranieri"]
[Black "Naumkin, Igor"]
[Result "0-1"]
[WhiteElo "2079"]
[BlackElo "2486"]
[PlyCount "54"]
[EventDate "2011.08.21"]

1. e4 e6 2. Qe2 Be7 3. f4 d5 4. e5 Nh6 5. Nf3 Nf5 6. d3 c5 7. c3 Nc6 8. g3 b5
9. Bh3 b4 10. O-O h5 11. a3 bxc3 12. bxc3 Ba6 13. Nbd2 Qa5 14. c4 Nfd4 15. Nxd4
Nxd4 16. Qg2 Qc3 17. Rb1 Qxd3 18. cxd5 exd5 19. Kh1 h4 20. Qxd5 Rd8 21. Qg2
hxg3 22. hxg3 Bc8 23. f5 Bxf5 24. Rxf5 Qxf5 25. Kh2 Bg5 26. Bb2 Bxd2 27. Bxd4
Rxh3+ 0-1

[Event "XXIII Festival A"]
[Site "Porto San Giorgio ITA"]
[Date "2011.08.23"]
[Round "3"]
[White "Crafa, Carmine"]
[Black "Guglielmi, Dante"]
[Result "0-1"]
[WhiteElo "1805"]
[BlackElo "1878"]
[PlyCount "58"]
[EventDate "2011.08.21"]

1. e4 c5 2. Nf3 d6 3. d4 cxd4 4. Nxd4 Nf6 5. Nc3 a6 6. Bc4 e6 7. Bb3 Be7 8. O-O
O-O 9. Qf3 Nc6 10. Nxc6 bxc6 11. Qg3 Kh8 12. Be3 Qa5 13. f4 Qh5 14. e5 dxe5 15.
fxe5 Ng4 16. Bd4 c5 17. h3 cxd4 18. hxg4 Qg6 19. Na4 Bb7 20. Rf4 Rad8 21. Bc4
Qxc2 22. Bd3 Qxa4 23. Bxh7 Kxh7 24. g5 Qc2 25. Qh3+ Kg8 26. Rh4 Qxg2+ 27. Qxg2
Bxg2 28. Kxg2 Bxg5 29. Rh5 Bh6 0-1

[Event "XXIII Festival A"]
[Site "Porto San Giorgio ITA"]
[Date "2011.08.23"]
[Round "3"]
[White "Cristiani, Cesare"]
[Black "Zamengo, Bruno"]
[Result "1/2-1/2"]
[WhiteElo "2158"]
[BlackElo "1936"]
[PlyCount "71"]
[EventDate "2011.08.21"]

1. d4 Nf6 2. c4 c5 3. d5 b5 4. cxb5 a6 5. Nc3 axb5 6. e4 b4 7. Nb5 d6 8. Bf4
Nbd7 9. Nf3 Nb6 10. Nd2 g6 11. a4 bxa3 12. Rxa3 Rxa3 13. Nxa3 Bg7 14. Bb5+ Bd7
15. Qe2 O-O 16. O-O Nh5 17. Bg5 Bxb2 18. Bxd7 Qxd7 19. Nac4 Nxc4 20. Nxc4 Bg7
21. Rb1 Nf6 22. h3 Re8 23. Qd3 e6 24. Rb6 exd5 25. exd5 Re1+ 26. Kh2 Ne8 27.
Qd2 Re4 28. Qd3 Qf5 29. f4 Rxf4 30. Qxf5 Rxf5 31. Be7 f6 32. Rb8 Kf7 33. Bxd6
Rxd5 34. Rb7+ Kg8 35. Rb8 Kf7 36. Rb7+ 1/2-1/2

[Event "XXIII Festival A"]
[Site "Porto San Giorgio ITA"]
[Date "2011.08.23"]
[Round "3"]
[White "D'Aquino, Ugo"]
[Black "Rinaudo, Andrea"]
[Result "0-1"]
[WhiteElo "1925"]
[BlackElo "2090"]
[PlyCount "64"]
[EventDate "2011.08.21"]

1. e4 c5 2. Nf3 Nc6 3. d4 cxd4 4. Nxd4 e5 5. Nb5 d6 6. N1c3 a6 7. Na3 b5 8. Nd5
Nf6 9. Bg5 Be7 10. Bxf6 Bxf6 11. c3 Bg5 12. Nc2 O-O 13. a4 bxa4 14. Rxa4 a5 15.
Bc4 Bd7 16. b3 Kh8 17. O-O Ne7 18. Ra2 f5 19. f3 Nxd5 20. Bxd5 Qb6+ 21. Kh1
Rac8 22. Qa1 fxe4 23. fxe4 h6 24. Rxf8+ Rxf8 25. Na3 Qe3 26. Nc4 Qd3 27. Kg1
Be3+ 28. Nxe3 Qxe3+ 29. Kh1 Qxc3 30. Qb1 Bb5 31. Bc4 Bxc4 32. bxc4 Qxc4 0-1

[Event "XXIII Festival A"]
[Site "Porto San Giorgio ITA"]
[Date "2011.08.23"]
[Round "3"]
[White "De Carlo, Fabio"]
[Black "Iaconi, Andrea"]
[Result "1-0"]
[WhiteElo "2044"]
[BlackElo "1832"]
[PlyCount "101"]
[EventDate "2011.08.21"]

1. e4 c5 2. Nf3 d6 3. d4 cxd4 4. Nxd4 Nf6 5. Nc3 a6 6. Bg5 e6 7. f4 Be7 8. Bc4
Nxe4 9. Nxe4 d5 10. Bxe7 Qxe7 11. Bd3 dxe4 12. Bxe4 O-O 13. O-O Rd8 14. Qd3 g6
15. Qc3 Nd7 16. Qc7 Kf8 17. Rad1 Nc5 18. Qxe7+ Kxe7 19. Bf3 Rb8 20. Rfe1 Bd7
21. b3 b5 22. f5 Kf6 23. fxg6 hxg6 24. Nc6 Bxc6 25. Bxc6 Ke7 26. Bf3 b4 27. Kf2
f6 28. Ke3 e5 29. a3 a5 30. axb4 axb4 31. Ra1 Ne6 32. Ra7+ Rd7 33. Rxd7+ Kxd7
34. Ra1 Nd4 35. Ra7+ Kd6 36. Be4 g5 37. Bd3 Rb6 38. g3 Rb8 39. Rf7 Ke6 40. Ra7
Rb6 41. h4 gxh4 42. gxh4 Rb8 43. Ra6+ Ke7 44. h5 f5 45. h6 Rh8 46. h7 Kf8 47.
Ra7 f4+ 48. Ke4 f3 49. Rb7 f2 50. Kxe5 Nxc2 51. Kf6 1-0

[Event "XXIII Festival A"]
[Site "Porto San Giorgio ITA"]
[Date "2011.08.23"]
[Round "3"]
[White "De Felice, Michele"]
[Black "Renzetti, Leonardo"]
[Result "1-0"]
[WhiteElo "1870"]
[BlackElo "1805"]
[PlyCount "67"]
[EventDate "2011.08.21"]

1. d4 Nf6 2. Nf3 c5 3. e3 e6 4. Bd3 Nc6 5. c3 g6 6. Nbd2 Bg7 7. O-O cxd4 8.
exd4 O-O 9. Re1 b6 10. Qe2 Bb7 11. Ne4 Nxe4 12. Bxe4 d5 13. Bc2 a5 14. Bf4 Ba6
15. Qe3 Rc8 16. Bh6 Qe7 17. Bxg7 Kxg7 18. Qf4 Nb4 19. Qd2 Nxc2 20. Qxc2 Qb4 21.
Qd2 Qb5 22. Ne5 Rc7 23. Ng4 f5 24. Ne5 Qe8 25. Re3 Bb5 26. Rae1 Re7 27. Rf3 Kf6
28. Rg3 Rh8 29. Qg5+ Kg7 30. h4 Ba4 31. h5 f4 32. Qxf4 Bc2 33. h6+ Kg8 34. Ng4
1-0

[Event "XXIII Festival A"]
[Site "Porto San Giorgio ITA"]
[Date "2011.08.23"]
[Round "3"]
[White "Del Nevo, Claudio"]
[Black "Bonghi, Alessandro"]
[Result "0-1"]
[WhiteElo "1831"]
[BlackElo "1939"]
[PlyCount "66"]
[EventDate "2011.08.21"]

1. d4 d5 2. Nf3 e6 3. c3 Nf6 4. Bg5 Be7 5. Bxf6 Bxf6 6. e3 Nd7 7. Bd3 c5 8. Bb5
O-O 9. Bxd7 Bxd7 10. dxc5 Qc7 11. Qb3 Qxc5 12. O-O a5 13. Nbd2 a4 14. Qc2 a3
15. Nb3 Qb6 16. Nfd4 e5 17. Nf3 Rfc8 18. Rfd1 Bc6 19. bxa3 d4 20. exd4 Bxf3 21.
gxf3 exd4 22. c4 d3 23. Qxd3 Bxa1 24. Rxa1 Rxa3 25. Qd7 Rd8 26. Qe7 Qg6+ 27.
Kh1 Qd6 28. Qe2 b6 29. Re1 h6 30. Qb2 Rda8 31. Ra1 Qd3 32. Nd4 Rxa2 33. Rxa2
Qf1# 0-1

[Event "XXIII Festival A"]
[Site "Porto San Giorgio ITA"]
[Date "2011.08.23"]
[Round "3"]
[White "Della Sala, Bruno"]
[Black "Bentivegna, Francesco"]
[Result "0-1"]
[WhiteElo "1818"]
[BlackElo "2330"]
[PlyCount "120"]
[EventDate "2011.08.21"]

1. e4 e6 2. d3 d5 3. Nd2 Nf6 4. g3 Nc6 5. Bg2 e5 6. Ngf3 dxe4 7. dxe4 Bc5 8.
O-O O-O 9. c3 a5 10. Qc2 b6 11. Nc4 Ng4 12. h3 Ba6 13. hxg4 Bxc4 14. Rd1 Qc8
15. b3 Be6 16. g5 Bg4 17. Rd5 f6 18. g6 hxg6 19. Nh4 Ne7 20. Rd3 g5 21. Nf3 Be6
22. Be3 Bxe3 23. Rxe3 Rd8 24. Rd1 Nc6 25. Red3 Rxd3 26. Rxd3 a4 27. b4 Bc4 28.
Rd2 Qe6 29. Bf1 Bxf1 30. Kxf1 Qc4+ 31. Qd3 Qxd3+ 32. Rxd3 Rd8 33. Ke2 Rxd3 34.
Kxd3 b5 35. Ne1 Kf7 36. Nc2 Ke6 37. c4 Na7 38. cxb5 Nxb5 39. Ne3 g6 40. Nc4 f5
41. Nd2 g4 42. Nb1 fxe4+ 43. Kxe4 Kd6 44. Kd3 Kd5 45. Nd2 Nd6 46. Nf1 e4+ 47.
Kc3 Nb5+ 48. Kb2 Kc4 49. a3 Kd3 50. Ne3 Ke2 51. Nxg4 Nd6 52. Kc3 Kf3 53. Nf6
Kxf2 54. Kd4 Nb5+ 55. Kxe4 Nxa3 56. Kf4 Nc2 57. Ne4+ Kg2 58. b5 Nd4 59. Nc3 a3
60. g4 Ne2+ 0-1

[Event "XXIII Festival A"]
[Site "Porto San Giorgio ITA"]
[Date "2011.08.23"]
[Round "3"]
[White "Di Misa, Salvatore"]
[Black "Balzano, Filli"]
[Result "1/2-1/2"]
[WhiteElo "1957"]
[BlackElo "1822"]
[PlyCount "104"]
[EventDate "2011.08.21"]

1. e4 c6 2. d4 d5 3. Nc3 dxe4 4. Nxe4 Bf5 5. Ng3 Bg6 6. Nh3 e6 7. Nf4 Bd6 8. h4
Qc7 9. Nxg6 hxg6 10. Ne4 Nd7 11. Nxd6+ Qxd6 12. c3 Ngf6 13. Be2 O-O-O 14. Be3
Nd5 15. Qd2 N7f6 16. Bf3 e5 17. O-O-O e4 18. Be2 Nxe3 19. Qxe3 Rhe8 20. c4 Nd7
21. h5 gxh5 22. Rxh5 g6 23. Ra5 a6 24. c5 Qc7 25. Qa3 Nb8 26. Ra4 f5 27. g3 Rh8
28. Qe3 Rh2 29. Bc4 Rh7 30. Be6+ Nd7 31. Rb4 Re7 32. Bc4 Nf6 33. Qg5 Nd5 34.
Bxd5 Rxd5 35. Qxg6 Qa5 36. a3 Red7 37. Qf6 Qc7 38. Rh1 Rd8 39. Rh5 Qd7 40. Rh8
Rxc5+ 41. Kb1 Rd5 42. Rxd8+ Qxd8 43. Qg7 Qd7 44. Qf8+ Qd8 45. Qxd8+ Rxd8 46.
Kc2 b5 47. Kc3 a5 48. Rb3 a4 49. Rb4 Kc7 50. b3 axb3 51. Rxb3 Rd5 52. Rb1 Kd7
1/2-1/2